Statystyki dla Najdroższe filmy

Kliknij tutaj aby rozwiązać quiz!

Ogólne statystyki

  • Ten quiz został rozwiązany 229 razy
  • Średni wynik to 5 z 36

Statystyki odpowiedzi

Lp.Koszty produkcji (szac.) w USDTytuł filmu% Poprawnych
9.237 000 000Avatar
86%
12.220 000 000Avengers
76%
1.356 000 000Avengers: Koniec Gry
50%
2.316 000 000Avengers: Wojna bez granic
39%
-250 000 000Avengers: Czas Ultrona
31%
8.245 000 000Gwiezdne wojny: Przebudzenie Mocy
13%
-250 000 000Kapitan Ameryka: Wojna Bohaterów
13%
3.300 000 000Liga Sprawiedliwości
13%
-250 000 000Piraci z Karaibów: Na nieznanych wodach
11%
7.250 000 000Szybcy i wściekli 8
11%
-225 000 000Piraci z Karaibów: Skrzynia umarlaka
10%
-250 000 000Mroczny Rycerz powstaje
9%
-300 000 000Piraci z Karaibów: Na krańcu świata
9%
6.258 000 000Spider-Man 3
9%
10.230 000 000Piraci z Karaibów: Zemsta Salazara
7%
-250 000 000Hobbit: Bitwa Pięciu Armii
6%
17.207 000 000King Kong
6%
-200 000 000Skyfall
6%
-200 000 000Auta 2
5%
-250 000 000Batman v Superman: Świt sprawiedliwości
5%
-225 000 000Człowiek ze stali
5%
-250 000 000Harry Potter i Książę Półkrwi
5%
-250 000 000John Carter
5%
-245 000 000Spectre
5%
18.200 000 000Strażnicy Galaktyki vol. 2
5%
13.217 000 000Transformers: Ostatni rycerz
5%
-230 000 000Niesamowity Spider-Man
4%
4.270 000 000Superman: Powrót
4%
15.210 000 000Transformers: Wiek zagłady
4%
5.260 000 000Zaplątani
4%
11.225 000 000Faceci w czerni 3
3%
-215 000 000Jeździec znikąd
3%
-210 000 000X-Men: Ostatni bastion
3%
16.209 000 000Battleship: Bitwa o Ziemię
2%
-225 000 000Opowieści z Narnii: Książę Kaspian
2%
14.215 000 000Oz: Wielki i Potężny
1%

Rozkład punktacji

Percentyl według liczby udzielonych odpowiedzi

Procent ludzi z każdym wynikiem

Twoja historia wyników

Nie rozwiązałeś tego quizu